00447 a2200157 4500003000400000005001700004008004100021020001800062040000900080082001800089100004000107245007200147250001200219260004900231300000900280OSt20240130120847.0240130b |||||||| |||| 00| 0 eng d a9788182717695 coclc a294.52bVIS/M aViswabhadranandashakthibodhi, Swami aMattirachiyude Mahabharatham /cSwami Viswabhadranandashakthibodhi  a1st ed. aKozhikode:bIslamic Publishing House,c2016. a64p.